| 000 | 01267cam a22003254a 4500 | ||
|---|---|---|---|
| 001 | 12177643 | ||
| 003 | OSt | ||
| 005 | 20180116183052.0 | ||
| 008 | 000918s2001 mau b 001 0 eng | ||
| 010 | _a 00047241 | ||
| 020 | _a1578514398 (alk. paper) | ||
| 040 |
_aDLC _cDLC _dDLC |
||
| 042 | _apcc | ||
| 050 | 0 | 0 |
_aHC79.I55 _bK358 2001 |
| 082 | 0 | 0 |
_a658.4062 KAN 2001 _221 |
| 100 | 1 | _aKanter, Rosabeth Moss. | |
| 245 | 1 | 0 |
_aEvolve! : _bsucceeding in the digital culture of tomorrow / _cRosabeth Moss Kanter. |
| 246 | 1 | 8 | _aE-volve! |
| 260 |
_aBoston, Mass. : _bHarvard Business School Press, _cc2001. |
||
| 300 |
_ax, 352 p. ; _c24 cm. _bphoto copy |
||
| 440 | _aEvolve! / succeeding in the digital culture of tomorrow | ||
| 504 | _aIncludes bibliographical references (p. 323-330) and index. | ||
| 650 | 0 | _aInformation technology. | |
| 650 | 0 |
_aInternet _xEconomic aspects. |
|
| 650 | 0 | _aOrganizational change. | |
| 650 | 0 | _aSuccess in business. | |
| 906 |
_a7 _bcbc _corignew _d1 _eocip _f20 _gy-gencatlg |
||
| 942 |
_2ddc _cBK |
||
| 999 |
_c351668 _d351668 |
||